| 000 | 00889nam a22002897a 4500 | ||
|---|---|---|---|
| 003 | CHAP | ||
| 005 | 20220329135046.0 | ||
| 008 | 971013s1964 us a r 00010 eng d | ||
| 010 | _a30270 | ||
| 011 | _a31242 | ||
| 035 | _a35354 | ||
| 040 | _cCHAP | ||
| 082 | 0 | 4 |
_a622.12 _bM3 |
| 100 | 0 | 0 |
_aMalyuga, Dmitrii Petrovich. _970220 |
| 245 | 1 | _aBiogeochemical methods of prospecting | |
| 260 |
_aNew York : _bConsultants Bureau, _c1964 |
||
| 300 |
_a205 p. _b: ilus |
||
| 590 |
_aBATCH-UPD _b10 _c20130110 _lUCH01 _h0200 |
||
| 590 |
_aBATCH-UPD _b10 _c20130110 _lUCH01 _h1957 |
||
| 590 |
_aBATCH-UPD _b10 _c20130410 _lUCH01 _h1317 |
||
| 590 |
_aBATCH-UPD _b10 _c20130914 _lUCH01 _h0639 |
||
| 590 |
_aCONVERSION _b10 _c20130109 _lUCH01 _h1317 |
||
| 650 | 1 | 4 |
_aBiogeoquĂmica. _912745 |
| 901 | _aBK | ||
| 942 | _cLIBRO | ||
| 949 |
_a622.12 M3 _bBC _cLIBRO _d33724000017786 _eLIBRO _h13211 _i35354 _si _t371.20 |
||
| 999 |
_c30270 _d30270 |
||